000 00646nam a2200205Ia 4500
003 GCL
008 140319s9999 xx 000 0 ara d
040 _aGCL /
_cGCL
082 0 4 _a328.3413
_bب م
100 1 _aبودينو، بيار
245 1 0 _aالمجالس الاقتصادية والاجتماعية فى العالم /
_cبودينو، بيار
700 1 _aحسين تعريب
300 _a125 ص
490 _aزدنى علما
_v0
650 0 4 _aالاقتصاد
650 0 4 _aالتخطيط الاقتصادى
650 0 4 _aالاقتصاد الدولى
650 0 4 _aالاحوال الاقتصادية
942 _2ddc
_cBK
999 _c48164
_d48164